[Event "La Paz op"]
[Site "La Paz"]
[Date "2022.09.17"]
[Round "5"]
[White "Chambi Alcazar, Alvaro"]
[Black "Calisaya Apaza, Beymar"]
[Result "1-0"]
[WhiteElo "1300"]
[BlackElo "1102"]
[PlyCount "107"]
[EventDate "2022.09.15"]
[EventType "swiss"]
[EventRounds "7"]
[EventCountry "BOL"]
[SourceTitle "EXT 2023"]
[Source "ChessBase"]
[SourceDate "2022.10.05"]
[SourceVersion "1"]
[SourceVersionDate "2022.10.05"]
[SourceQuality "1"]

1. e4 c5 2. Nc3 Nc6 3. f4 g6 4. Nf3 Bg7 5. Bc4 e6 6. 0-0 a6 7. a4 Nge7 8. d3 0-0 9. Qe1 d5 10. Bb3 b6 11. Qh4 Bb7 12. g4 dxe4 13. Nxe4 Nd5 14. g5 Nd4 15. Nxd4 Bxd4+ 16. Kg2 h5 17. Kg3 e5 18. Bxd5 exf4+ 19. Qxf4 Qxd5 20. Nf6+ Bxf6 21. gxf6 Qg2+ 22. Kh4 Bc8 23. Rf2 Qh3+ 24. Kg5 Qg4+ 25. Qxg4 Bxg4 26. Bd2 Rfe8 27. Re1 Rxe1 28. Bxe1 Re8 29. Bc3 Re2 30. Rxe2 Bxe2 31. Be5 Bd1 32. Bc7 Bxc2 33. Bxb6 Bxd3 34. Bxc5 a5 35. b4 axb4 36. Bxb4 Kh7 37. h4 Kg8 38. a5 Kh7 39. Kf4 Kh6 40. Bf8+ Kh7 41. Bc5 Kh6 42. Ke5 Kh7 43. Be3 Kg8 44. Kd6 Kf8 45. Kd7 Kg8 46. Kd8 Be2 47. Bf4 Bd3 48. Kc7 Kf8 49. Kb6 Ke8 50. a6 Kd7 51. Kb7 Be4+ 52. Kb8 Ke6 53. Bg5 Kd7 54. a7 1-0